00569nam a2200169 a 450000500170000000800410001702000180005805000260007610000180010224500680012026000450018830000070023344000230024052000710026365000330033465000320036720140412111411.0070214s19uu xx 00 eng d a983-187-226-6 aTR(GS 428.4bM11 2004 aMah, May S.M. aWhat does charlie the chim see?, series 2book5 /cMay S.M. Mah. aMalaysia :bRhythm publishing co,c2004. a24 aPhonics in reading aThe pre - reading practice introduces new words before the stories aPhonetics-- English language aReading -- English language